MARC

LEADER 00000nam0a2200000 4500
001 89015
005 20231031102904.0
035 |a (RuTPU)RU\TPU\book\95509 
090 |a 89015 
100 |a 20060112d1974 m y0rusy50 ca 
101 0 |a rus 
102 |a RU 
105 |a a j 000zy 
200 1 |a Автомобильные краны  |e учебное пособие  |f Л. В. Зайцев, М. Д. Полосин 
210 |a Москва  |c Высшая школа  |d 1974 
215 |a 328 с.  |c ил. 
610 1 |a краны 
610 1 |a автомобильные краны 
610 1 |a учебные пособия 
610 1 |a конструкция 
610 1 |a устройство 
610 1 |a приводы 
610 1 |a оборудование 
610 1 |a электрооборудование 
610 1 |a эксплуатация 
610 1 |a подъемные краны 
675 |a 621.873(075.8)  |v 3 
675 |a 629.114(075.8)  |v 3 
700 1 |a Зайцев  |b Л. В.  |g Леонид Владимирович 
701 1 |a Полосин  |b М. Д.  |g Митрофан Дмитриевич 
801 1 |a RU  |b 63413507  |c 20060112  |g PSBO 
801 2 |a RU  |b 63413507  |c 20091105  |g PSBO 
900 |a Электрооборудование автомобилей и тракторов 
900 |a Эксплуатация и ремонт электрооборудования автомобилей и тракторов 
942 |c BK